[Event "World Youth U16 Ol"]
[Site "Kocaeli TUR"]
[Date "2011.10.25"]
[Round "3.10"]
[White "Nadirashvili,S"]
[Black "Emiroglu,C"]
[Result "1/2-1/2"]
[WhiteElo "2035"]
[BlackElo "2242"]

1.d4 Nf6 2.c4 e6 3.g3 d5 4.Nf3 Be7 5.Bg2 O-O 6.O-O dxc4 7.Qc2 a6 8.Qxc4 b5
9.Qc2 Bb7 10.Bd2 Nbd7 11.Ba5 Rc8 12.Nbd2 Qe8 13.b4 Bd6 14.Rac1 Qe7 15.a3 Rfe8
16.Rfe1 g6 17.h3 Ba8 18.Kh2 Nh5 19.Ne4 Kg7 20.Nxd6 cxd6 21.Qxc8 Rxc8 22.Rxc8 Bxf3
23.Bxf3 Qf6 24.Rd1 e5 25.Kg2 exd4 26.Rc7 Nf8 27.Bd5 Ne6 28.Bxe6 Qxe6 29.Rxd4 Qxe2
30.Rc3 Nf6 31.Re3 Qc2 32.Bd8 Qc6+ 33.Kh2 d5 34.Bxf6+ Qxf6 35.Rf4 Qd6 36.Rd3 Qe5
37.Rfd4 Qe1 38.Kg2 Qe2 39.Rxd5 Qe4+ 40.Kh2 Qe2 41.Rd2 Qf3 42.R5d3 Qc6 43.Re3 Qf6
44.Rde2 g5 45.Rc2 h5 46.Kg2 Qd4 47.Rc5 Qd8 48.Rf5 Qa8+ 49.Kh2 f6 50.Ref3 h4
51.g4 a5 52.bxa5 Qxa5 53.Rxf6 b4 54.Rf7+ Kg8 55.axb4 Qxb4 56.R7f5 Qd2 57.Re3 Kh7
58.Kg2 Qd8 59.Ref3 Qd2 60.Re3 Qd8 61.Ree5 Qa8+ 62.Rd5 Qa4 63.Rf3 Kg6 64.Rd6+ Kh7
65.Rf7+ Kg8 66.Rdf6 Qa8+ 67.Rf3 Qd5 68.Rf5 Qd2 69.Re3 Qd8 70.Rfe5 Qa8+ 71.Kg1 Qa1+
72.Re1 Qc3 73.Rxg5+ Kf7 74.Rf5+ Kg6 75.Re3 Qa1+ 76.Kg2 Qa8+ 77.Ref3 Qe4 78.Rf6+ Kg7
79.Rf4 Qd5 80.Rf5 Qd2 81.Rf7+ Kg8 82.R7f5 Kg7 83.Rh5 Qd8 84.Rhf5 Qd2 85.Re3 Qd8
86.Rh5 Qa8+ 87.Rf3 Qd8 88.Rff5 Qa8+ 89.Rd5 Qc6 90.Re5 Qb7 91.Kh2 Qc7 92.Kg1 Qc1+
93.Kg2 Qc6 94.Kf3 Kg6 95.Rg5+ Kf6 96.Kg2 Qb7 97.Rf5+ Kg6 98.Kh2 Qc7+ 99.Rde5 Kg7
100.Kg2 Qc6+ 101.Rf3 Qc1 102.Rh5 Qd2 103.Rxh4 Qd5 104.Rh5 Qe4 105.Rg5+ Kh6
106.h4 Qd4 107.Kh3 Qa1 108.Kg2 Qd4 109.Rg3 Qe4+ 110.Kh2 Qe7 111.Rh5+ Kg6
112.f4 Qe2+ 113.Rg2 Qe1 114.f5+ Kg7 115.f6+ Kxf6 116.g5+ Kg6 117.Rh6+ Kg7
118.Rg3 Qf2+ 119.Kh3 Qf5+ 120.Kg2 Qc2+ 121.Kf3 Qd3+ 122.Kg4 Qe4+  1/2-1/2

[Event "World Youth U16 Ol"]
[Site "Kocaeli TUR"]
[Date "2011.10.26"]
[Round "5.10"]
[White "Nadirashvili,S"]
[Black "Ozdover,M"]
[Result "1-0"]
[WhiteElo "2035"]
[BlackElo "1876"]

1.d4 Nf6 2.c4 e6 3.g3 d5 4.Nf3 Be7 5.Bg2 O-O 6.O-O dxc4 7.Qc2 a6 8.Qxc4 b5
9.Qc2 Bb7 10.Bd2 Ra7 11.Rd1 Nbd7 12.Ba5 Qa8 13.b4 Rc8 14.Nbd2 Nb8 15.a3 Bd5
16.Re1 Ne4 17.Bh3 f5 18.Bb6 Rb7 19.Bc5 Bxc5 20.dxc5 Nc6 21.Nxe4 Bxe4 22.Qb3 Bd5
23.Qc3 Re8 24.Nd2 Rbb8 25.f3 Ne7 26.e4 Bc6 27.Qb3 Kh8 28.Qxe6 fxe4 29.Nxe4 Ng6
30.Qb3 Bxe4 31.fxe4 Rxe4 32.Bg2 Rxe1+ 33.Rxe1 Qa7 34.Qf7  1-0

[Event "Corsica Masters KO 2011"]
[Site "Bastia FRA"]
[Date "2011.10.28"]
[Round "1.1"]
[White "Sasikiran,K"]
[Black "Arnold,Mar"]
[Result "1-0"]
[WhiteElo "2689"]
[BlackElo "2505"]

1.d4 Nf6 2.c4 e6 3.g3 d5 4.Bg2 Be7 5.Nf3 O-O 6.O-O dxc4 7.Qc2 b5 8.a4 b4
9.Nbd2 Bb7 10.Nxc4 Be4 11.Qb3 Nbd7 12.Rd1 c5 13.Nfe5 Bxg2 14.Kxg2 Qc7 15.Nxd7 Nxd7
16.Bf4 Qc6+ 17.Qf3 Qxf3+ 18.Kxf3 cxd4 19.Ne5 Nxe5+ 20.Bxe5 Rfd8 21.Rxd4 f6
22.Rxd8+ Bxd8 23.Bd6 a5 24.Rc1 Kf7 25.Rc6 Ke8 26.Bc5 Kf7 27.b3 f5 28.e4 g6
29.h4 h5 30.Kf4 Rb8 31.exf5 gxf5 32.Bd6 Rb7 33.Be5 Rd7 34.Rd6 Rxd6 35.Bxd6 Bb6
36.f3 Kf6 37.g4 fxg4 38.fxg4 Bf2 39.gxh5 Bxh4 40.Bc7 Bg5+ 41.Ke4 Bd2 42.Bxa5 Kg5
43.Bb6  1-0

[Event "Frauenbundesliga 2011-12"]
[Site "Germany GER"]
[Date "2011.10.28"]
[Round "5.6"]
[White "Straub, Natalia"]
[Black "Nguyen Minh, Thuy"]
[Result "1-0"]
[WhiteElo "2205"]
[BlackElo "1957"]

1.d4 Nf6 2.c4 e6 3.g3 d5 4.Nf3 Be7 5.Bg2 O-O 6.O-O c6 7.Qc2 dxc4 8.Qxc4 b5
9.Qc2 Bb7 10.Nbd2 Qb6 11.Nb3 Na6 12.Bd2 b4 13.Rac1 Qb5 14.Qc4 Rac8 15.Ne5 Nd5
16.Qxb5 cxb5 17.Na5 Ba8 18.Nac6 Rc7 19.e4 Nb6 20.Nxe7+ Rxe7 21.b3 f6 22.Nc6 Rd7
23.Be3 Rc8 24.Na5 Rdc7 25.Rxc7 Rxc7 26.Rc1 Rc3 27.Bd2 Rd3 28.Be3 Rc3 29.Bd2 Rd3
30.Be3 Rc3 31.Kf1 Kf7 32.Ke2 Rxc1 33.Bxc1 f5 34.f3 Ke7 35.Ke3 Kf7 36.Bf1 Nc7
37.Bd2 a6 38.Kd3 fxe4+ 39.fxe4 Ne8 40.Bxb4 Nf6 41.Bg2 Nbd7 42.Bd2 e5 43.b4 exd4
44.Kxd4 h6 45.Nb3 Ke7 46.Bf4 Bc6 47.Nd2 g5 48.Be3 Ng4 49.h4 Nxe3 50.Kxe3 Ne5
51.hxg5 hxg5 52.Kd4 Kd6 53.Nf3 Nf7 54.Bh3 Bb7 55.e5+ Ke7 56.Ne1 Nh6 57.Ke3 g4
58.Bf1 Ke6 59.Kf4 Bd5 60.a3 Nf7 61.Nd3 Bc4 62.Nc5+ Ke7 63.Bg2  1-0

[Event "15th OIBM"]
[Site "Bad Wiessee GER"]
[Date "2011.10.29"]
[Round "1.13"]
[White "Andersson,U"]
[Black "Mass,E"]
[Result "1-0"]
[WhiteElo "2582"]
[BlackElo "1966"]

1.d4 d5 2.c4 e6 3.Nf3 Be7 4.g3 Nf6 5.Bg2 c6 6.O-O O-O 7.Nc3 Nbd7 8.Qd3 dxc4
9.Qxc4 Nb6 10.Qb3 Nbd5 11.Rd1 Qb6 12.Qc2 Nb4 13.Qb1 Rd8 14.Bg5 h6 15.Bxf6 Bxf6
16.e3 Bd7 17.a3 Nd5 18.Ne4 Be7 19.Qc2 Rac8 20.Ne5 Be8 21.Rac1 f6 22.Nc4 Qc7
23.Nc5 Bf7 24.Bh3 Bxc5 25.dxc5 b6 26.Nd6 Rb8 27.e4 Ne7 28.Nxf7 Kxf7 29.Bxe6+ Kxe6
30.Qc4+ Nd5 31.cxb6 Qxb6 32.b4 Rd6 33.exd5+ cxd5 34.Qg4+ Kf7 35.Qh5+ g6 36.Qxh6 Rg8
37.Rc5 d4 38.Qh7+ Rg7 39.Qh4 Qa6 40.Rxd4 Rxd4 41.Qxd4  1-0

[Event "World Youth U16 Ol"]
[Site "Kocaeli TUR"]
[Date "2011.10.30"]
[Round "9.10"]
[White "Nadirashvili,S"]
[Black "Javanbakht,N"]
[Result "1/2-1/2"]
[WhiteElo "2035"]
[BlackElo "2311"]

1.d4 d5 2.c4 e6 3.Nf3 Nf6 4.g3 Be7 5.Bg2 O-O 6.O-O dxc4 7.Qc2 a6 8.Qxc4 b5
9.Qc2 Bb7 10.Bd2 Be4 11.Qc1 Nc6 12.Be3 Rc8 13.Nbd2 Bd5 14.Rd1 h6 15.h3 Bd6
16.Nb3 Qe7 17.Bf4 Nb4 18.Nc5 Nxa2 19.Qc2 Nb4 20.Qc3 Bxf3 21.Qxf3 Nc2 22.Rxa6 Nxd4
23.Rxd4 Bxc5 24.Rd1 Rfd8 25.Rc1 Bd4 26.Qb3 Nd5 27.Bxd5 Rxd5 28.Rac6 Qf6 29.Rxc7 Rxc7
30.Rxc7 Qf5 31.Qc2 Qxc2 32.Rxc2 g5 33.Bd2 Kh7 34.e3 Bf6 35.Kf1 Kg6 36.Ke2 h5
37.Bc3 Rc5 38.Kd3 Rd5+ 39.Ke2 Rc5 40.Kd3 Rd5+ 41.Ke2 Be7 42.Rd2 Rxd2+ 43.Kxd2 f5
44.Kd3 Bc5 45.Bd4 Bd6 46.e4 e5 47.Bc3 g4 48.hxg4 fxg4 49.b3 Kg5 50.Ba5 Bc5
51.Ke2 Kf6 52.Bd2 Ke6 53.Bc3 Kd6 54.b4 Bb6 55.f3 Ke6 56.fxg4 hxg4 57.Kf1 Be3
58.Ke2 Bg5 59.Kf2 Bd8 60.Kf1 Kd6 61.Kf2 Bb6+ 62.Ke2 Bg1 63.Ke1 Be3 64.Ke2 Bc1
65.Kf1 Ke6 66.Kg2 Bh6 67.Kf1  1/2-1/2

[Event "6th Deizisau Herbstopen"]
[Site "Deizisau GER"]
[Date "2011.10.31"]
[Round "6.8"]
[White "Weiler,D"]
[Black "Naumann,Ax"]
[Result "0-1"]
[WhiteElo "2179"]
[BlackElo "2180"]

1.d4 Nf6 2.c4 e6 3.g3 d5 4.Nf3 Be7 5.Bg2 O-O 6.O-O Ne4 7.Nbd2 f5 8.Ne5 Nd7
9.Nxd7 Qxd7 10.Nf3 Qe8 11.Qb3 c6 12.Ne5 Bf6 13.Be3 Nd6 14.c5 Nf7 15.Qc3 Nxe5
16.dxe5 Bd8 17.Rac1 Bd7 18.f3 b6 19.Kh1 Bc7 20.Bd4 f4 21.gxf4 Rxf4 22.Bf2 Rc4
23.Qe3 Rxc1 24.Rxc1 bxc5 25.b3 a5 26.f4 Qf8 27.Qd2 Bxe5 28.fxe5 Qxf2 29.a4 Qd4
30.Qg5 Re8 31.e3 Qd3 32.e4 h6 33.Qh4 Qxb3 34.Rf1 Qb8 35.Rg1 Qxe5 36.Bf1  0-1

[Event "Venetian Autumn Masters 2011"]
[Site "Venice ITA"]
[Date "2011.10.31"]
[Round "2.9"]
[White "Gallana,M"]
[Black "Basso,Pier Luigi"]
[Result "1/2-1/2"]
[WhiteElo "2131"]
[BlackElo "2051"]

1.Nf3 d5 2.d4 Nf6 3.c4 e6 4.g3 Be7 5.Bg2 O-O 6.O-O b6 7.Qc2 Bb7 8.Rd1 dxc4
9.Qxc4 c5 10.Nc3 cxd4 11.Nxd4 Bxg2 12.Kxg2 Qc8 13.Qxc8 Rxc8 14.e4 Bb4 15.Nde2 Nc6
16.Bf4 Rd8 17.Rac1 Rxd1 18.Nxd1 Bc5 19.a3 a5 20.Be3 Bxe3 21.Nxe3 Rc8 22.f3 Ne7
23.Rd1 g6 24.Nc3 Kg7 25.Rd6 Rc6 26.e5 Rxd6 27.exd6 Nc8 28.Nc4 Nd7  1/2-1/2

[Event "19th Skopje Open"]
[Site "Skopje MKD"]
[Date "2011.11.01"]
[Round "9"]
[White "Vasovski,N"]
[Black "Glavinac,G"]
[Result "1-0"]
[WhiteElo "2299"]
[BlackElo "2169"]

1.d4 Nf6 2.c4 e6 3.g3 d5 4.Nf3 Be7 5.Bg2 O-O 6.O-O dxc4 7.Qc2 a6 8.a4 Bd7
9.Qxc4 Bc6 10.Bf4 Nbd7 11.Nc3 Nb6 12.Qd3 Nfd5 13.Nxd5 Nxd5 14.Bd2 Nb4 15.Bxb4 Bxb4
16.e4 Qd6 17.Rfd1 Rfd8 18.h4 h6 19.Qc2 Qe7 20.Rac1 Rac8 21.Ne5 Be8 22.Qb3 a5
23.Bh3 c5 24.d5 exd5 25.Bxc8 Rxc8 26.Rxd5 Kh7 27.Qf3 g6 28.h5 Bxa4 29.hxg6+ fxg6
30.Nxg6 Qg7 31.Qf5 Re8 32.Rd6 c4 33.Ne5+ Kh8 34.Rxh6+  1-0

[Event "II Latin American Cup"]
[Site "Montevideo URU"]
[Date "2011.11.03"]
[Round "4.52"]
[White "Leiva,G"]
[Black "Boabaid, Jorge Alberto Duardes"]
[Result "1-0"]
[WhiteElo "2183"]
[BlackElo "1879"]

1.d4 d5 2.Nf3 Nf6 3.c4 e6 4.g3 Be7 5.Bg2 c6 6.O-O O-O 7.Nc3 Nbd7 8.Nd2 e5
9.cxd5 exd4 10.dxc6 dxc3 11.cxd7 cxd2 12.dxc8=Q Rxc8 13.Bxd2 Qb6 14.Bc3 Rfd8
15.Qb3 Qc5 16.Qxb7 Rb8 17.Qa6 Ng4 18.Qc6 Qh5 19.h3 Nf6 20.Rad1 Rdc8 21.Qf3 Qg6
22.e4 Rc4 23.Rfe1 h5 24.e5 Nh7 25.Rd7 Bc5 26.e6 f6 27.e7 Re8 28.Qd5+  1-0

[Event "15th OIBM"]
[Site "Bad Wiessee GER"]
[Date "2011.11.04"]
[Round "7.17"]
[White "Mueller,Ra1"]
[Black "Zakhartsov,Vi"]
[Result "1/2-1/2"]
[WhiteElo "2411"]
[BlackElo "2580"]

1.Nf3 Nf6 2.c4 e6 3.g3 d5 4.d4 Be7 5.Bg2 c6 6.O-O b6 7.Nbd2 Bb7 8.b3 Nbd7
9.Bb2 O-O 10.Qc2 Rc8 11.Rac1 c5 12.Qb1 dxc4 13.Nxc4 b5 14.Ne3 Qb6 15.Qa1 Rc7
16.dxc5 Bxc5 17.Bd4 Bxd4 18.Qxd4 Rfc8 19.Rxc7 Rxc7 20.Qf4 Qc5 21.Rd1 h6 22.Qd4 Qa3
23.Qd6 Qxd6 24.Rxd6 Ne4 25.Rd1 Nc3 26.Rd2 b4 27.Nd4 Ba6 28.f4 e5 29.Nc6 exf4
30.Nd5 Nxd5 31.Bxd5 fxg3 32.hxg3 Nf6 33.Nxb4 Bb7 34.Bxb7 Rxb7 35.Rd8+ Kh7
36.Rd4 Re7 37.Kf2 Ne4+ 38.Kf3 Ng5+ 39.Kf2 f5 40.Nc6 Ne4+ 41.Kf3 Rc7 42.Ne5 Ng5+
43.Kf2 Rc1 44.Nd3 Rh1 45.Rd5 Rh2+ 46.Ke3 Ne4 47.g4 Rxe2+ 48.Kxe2 Nc3+ 49.Kf2 Nxd5
50.gxf5 h5 51.Ne5 Ne7 52.b4 a6 53.a4 Nxf5 54.Nc6 g5 55.Nb8 g4 56.Nxa6 h4
57.Nc5 g3+ 58.Kg2 Ne3+ 59.Kh3 Nd5 60.Nd3 Kg6  1/2-1/2

[Event "II Latin American Cup"]
[Site "Montevideo URU"]
[Date "2011.11.04"]
[Round "5.24"]
[White "Trois,F"]
[Black "Cordero,D"]
[Result "0-1"]
[WhiteElo "2275"]
[BlackElo "2062"]

1.c4 e6 2.g3 Nf6 3.Bg2 d5 4.d4 Be7 5.Nf3 O-O 6.O-O dxc4 7.Ne5 c5 8.dxc5 Qc7
9.Nxc4 Qxc5 10.Nba3 Rd8 11.Bd2 Nc6 12.Rc1 Qh5 13.e3 Qg6 14.Qc2 Qh5 15.Qd1 Qf5
16.Qf3 e5 17.Bc3 e4 18.Qxf5 Bxf5 19.Na5 Nxa5 20.Bxa5 b6 21.Bc3 Rac8 22.Nb5 a6
23.Nd4 Bg6 24.Bh3 Rc5 25.Nb3 Rcd5 26.Bd4 R5d6 27.Rc7 Nd5 28.Ra7 Bf6 29.a3 a5
30.Rc1 h6 31.Bxf6 Rxf6 32.Nd4 Rfd6 33.Rc6 Rxc6 34.Nxc6 Rd6 35.Nd4 Kh7 36.Rb7 h5
37.Bd7 Nf6 38.Bc8 Rd8 39.Bh3 Rd6 40.Kf1 Nd5 41.Ke1 Kh6 42.Bf5 Kg5 43.h4+ Kf6
44.Bd7 Ne7 45.Bh3 Nd5 46.Kd2 Ke5 47.Kc2 Rf6 48.Kb3 Rxf2 49.Nc6+ Kd6 50.Nd8 Kc5
51.Rd7 Nxe3 52.Rc7+ Kd4 53.Rd7+ Nd5 54.Nc6+ Kc5 55.Ne5 Rh2 56.Bf1 e3 57.Nxg6 fxg6
58.Bc4 a4+  0-1

[Event "II Latin American Cup"]
[Site "Montevideo URU"]
[Date "2011.11.04"]
[Round "5.6"]
[White "Slipak,S"]
[Black "Hernandez Carmenates,Hold"]
[Result "1/2-1/2"]
[WhiteElo "2440"]
[BlackElo "2564"]

1.Nf3 Nf6 2.c4 e6 3.g3 d5 4.Bg2 Be7 5.d4 O-O 6.O-O dxc4 7.Qc2 a6 8.a4 Bd7
9.Qxc4 Bc6 10.Bf4 Nbd7 11.Nc3 Bd6 12.Rfd1 Bxf4 13.gxf4 Nd5 14.Nxd5 Bxd5 15.Qc2 Nf6
16.Ra3 Qd6 17.Ne5 Bxg2 18.Kxg2 Nd5 19.Rf3 f6 20.Nd3 Rac8 21.Qb3 f5 22.Qxb7 Rb8
23.Qa7 Qc6 24.a5 Qa4 25.Rc1 Qxa5 26.Qc5 Qxc5 27.Rxc5 Rb6 28.Rg3 Rfb8 29.Kf3 Rb3
30.Rg1 Rxd3+ 31.exd3 Rxb2 32.Rc6 Rd2 33.Rxe6 Rxd3+ 34.Re3 Nxe3 35.fxe3 Rb3
36.Ra1 Rb6 37.Ra5 g6 38.h4 Kf7 39.h5 Kg7 40.hxg6 hxg6 41.Rd5 Kh6 42.Rd8 Rc6
43.Ra8 Kg7 44.d5 Rc5 45.Rxa6 Rxd5 46.Rc6 Rd7 47.Ke2 Kh7 48.Kf3 Re7 49.Kf2 Rg7
50.Kf3 Re7 51.Kf2 Kh6 52.Kf3 Kh5 53.Rc5 Kh6 54.Rc6 Rg7 55.Kf2 Kh7 56.Kf3 Kg8
57.Rf6  1/2-1/2

[Event "II Latin American Cup"]
[Site "Montevideo URU"]
[Date "2011.11.05"]
[Round "8.17"]
[White "Cori T.,D"]
[Black "Carvalho,Gu"]
[Result "1-0"]
[WhiteElo "2414"]
[BlackElo "2244"]

1.d4 d5 2.Nf3 e6 3.c4 Nf6 4.g3 Be7 5.Bg2 O-O 6.O-O c5 7.cxd5 exd5 8.dxc5 Na6
9.Nc3 Nxc5 10.Bf4 Bg4 11.Be5 Nce4 12.Nb5 Qd7 13.Nc7 Rac8 14.Rc1 Bd6 15.Bxf6 Rxc7
16.Rxc7 Qxc7 17.Bd4 Rc8 18.Qb3 Bxf3 19.Qxf3 Be5 20.Qe3 Bxd4 21.Qxd4 Qc5 22.Qe5 Nf6
23.e3 Re8 24.Qf5 Qa5 25.e4 Qxa2 26.e5 Ne4 27.Qd7 Rf8 28.Qxb7 h6 29.Rd1 Nc5
30.Qxd5 Qa4 31.Bh3 Qc2 32.Rd2 Qc1+ 33.Kg2 Re8 34.Qc6 Rxe5 35.Qc8+ Kh7 36.Bf5+ g6
37.Bxg6+ Kxg6 38.Qg8+ Kf6 39.Qh8+ Ke6 40.Qxh6+ f6 41.Rd6+  1-0

[Event "II Latin American Cup"]
[Site "Montevideo URU"]
[Date "2011.11.05"]
[Round "8.5"]
[White "Hernandez Carmenates,Hold"]
[Black "Krysa,L"]
[Result "1/2-1/2"]
[WhiteElo "2564"]
[BlackElo "2396"]

1.Nf3 d5 2.c4 e6 3.d4 Nf6 4.g3 Be7 5.Bg2 O-O 6.O-O dxc4 7.Qc2 b5 8.a4 b4
9.Nfd2 c6 10.Nxc4 Qxd4 11.Rd1 Qc5 12.Be3 Qh5 13.Nbd2 Ng4 14.Nf3 Nxe3 15.Nxe3 a5
16.Nc4 Ra7 17.Nd4 Ba6 18.Rac1 Bf6 19.Qe4 Rd7 20.Nb3 Bxc4 21.Qxc4 Bxb2 22.Bf3 Qe5
23.Rxd7 Nxd7 24.Rd1 Qc3 25.Qxc3 bxc3 26.Rxd7 c2 27.Ra7 c5 28.Be4 c4 29.Bxc2 cxb3
30.Bxb3 Bc3  1/2-1/2

[Event "II Latin American Cup"]
[Site "Montevideo URU"]
[Date "2011.11.05"]
[Round "8.20"]
[White "Izquierdo,D"]
[Black "Genta,A"]
[Result "0-1"]
[WhiteElo "2277"]
[BlackElo "2123"]

1.d4 Nf6 2.c4 e6 3.Nf3 d5 4.g3 Be7 5.Bg2 O-O 6.Nc3 b6 7.O-O Bb7 8.Ne5 Nbd7
9.Qa4 Nb8 10.Bg5 c6 11.Rac1 h6 12.Bf4 a6 13.Qb3 b5 14.cxd5 cxd5 15.Nd3 Nc6
16.Be3 Ng4 17.Nc5 Na5 18.Qd1 Bxc5 19.dxc5 Nxe3 20.fxe3 Nc4 21.Qd4 e5 22.Qd3 Nxb2
23.Qf5 Nc4 24.Qf2 e4 25.Rfd1 Qg5 26.h4 Qxe3 27.Nxd5 Bxd5 28.Qxe3 Nxe3 29.Rd4 Nxg2
30.Rxd5 Ne3 31.Rd7 Rfd8 32.c6 Rxd7 33.cxd7 Nc4 34.a4 Rd8 35.axb5 axb5 36.Rd1 Kf8
37.Rd5 Na3  0-1

[Event "TCh-BEL 2011-12"]
[Site "Belgium BEL"]
[Date "2011.11.06"]
[Round "3.3"]
[White "Docx,S"]
[Black "Van der Stricht,G"]
[Result "1/2-1/2"]
[WhiteElo "2328"]
[BlackElo "2365"]

1.d4 Nf6 2.c4 e6 3.g3 d5 4.Nf3 Be7 5.Bg2 O-O 6.O-O dxc4 7.Qc2 a6 8.Qxc4 b5
9.Qc2 Bb7 10.Bd2 Be4 11.Qc1 Bb7 12.Bf4 Nd5 13.Nc3 Nxf4 14.Qxf4 Nd7 15.Rfd1 Qb8
16.e4 c5 17.e5 cxd4 18.Rxd4 Rd8 19.Rad1 Nf8 20.h4 Rxd4 21.Rxd4 Qc7 22.h5 Rc8
23.Ng5 Bxg5 24.Qxg5 h6 25.Qe3 Bxg2  1/2-1/2

[Event "1st Novara Open A"]
[Site "Novara ITA"]
[Date "2011.11.06"]
[Round "5"]
[White "Petkov,V"]
[Black "Bellia,F"]
[Result "1/2-1/2"]
[WhiteElo "2542"]
[BlackElo "2418"]

1.d4 d5 2.c4 e6 3.Nf3 Nf6 4.g3 Be7 5.Bg2 O-O 6.O-O dxc4 7.Qa4 a6 8.Qxc4 b5
9.Qc2 Bb7 10.Bd2 Be4 11.Qc1 Bb7 12.Bf4 Bd6 13.Rd1 Nbd7 14.Nc3 b4 15.Na4 Qe8
16.Nc5 Nxc5 17.dxc5 Bxf4 18.Qxf4 Nd5 19.Qc4 a5 20.Qc2 Nf6 21.a3 Be4 22.Qc4 Bd5
23.Qf4 bxa3 24.bxa3 Qb5 25.e4 Bxe4 26.Nd4 Qxc5 27.Bxe4 e5 28.Qf3 Nxe4 29.Rac1 Qb6
30.Nc6 Nf6 31.Nxe5 Rad8 32.Rxd8 Rxd8 33.Nc6 Re8 34.a4 Qb2 35.Qc3 Qxc3  1/2-1/2

[Event "FSFMB November"]
[Site "Budapest HUN"]
[Date "2011.11.10"]
[Round "6"]
[White "Lakat,G"]
[Black "Bacsi,A"]
[Result "1-0"]
[WhiteElo "1871"]
[BlackElo "1905"]

1.d4 d5 2.c4 e6 3.Nf3 Nf6 4.g3 Be7 5.Bg2 O-O 6.O-O c6 7.Qc2 Nbd7 8.Nbd2 b6
9.b3 Bb7 10.Bb2 Rc8 11.e4 dxe4 12.Ng5 c5 13.Ngxe4 Qc7 14.dxc5 bxc5 15.f4 h6
16.Rad1 Nxe4 17.Nxe4 Bxe4 18.Bxe4 Bf6 19.f5 Bxb2 20.Qxb2 Qe5 21.Qxe5 Nxe5
22.fxe6 fxe6 23.Rd6 Rxf1+ 24.Kxf1 Kf7 25.Ke2 Ke7 26.Ra6 Rc7 27.Bg2 Nd7 28.Bh3 Nf8
29.Kd3 Rd7+ 30.Kc3 Rd1 31.Rxa7+ Kf6 32.Bg2 e5 33.Bd5 Ng6 34.Rf7+ Kg5 35.Rxg7 Kf6
36.Rf7+ Kg5 37.h4+ Kg4 38.Bf3+  1-0

[Event "12th Metropolitan Inv"]
[Site "Los Angeles USA"]
[Date "2011.11.10"]
[Round "3"]
[White "Kavutskiy,K"]
[Black "Akopyan,H"]
[Result "1/2-1/2"]
[WhiteElo "2303"]
[BlackElo "2233"]

1.d4 Nf6 2.c4 e6 3.g3 d5 4.Nf3 Be7 5.Bg2 O-O 6.O-O dxc4 7.Qa4 a6 8.Qxc4 b5
9.Qc2 Bb7 10.Bd2 Be4 11.Qc1 Bb7 12.Bf4 Nd5 13.Nc3 Nxf4 14.Qxf4 c5 15.dxc5 Bxc5
16.Ne4 Bxe4 17.Qxe4 Ra7 18.Rac1 Rc7 19.Ne5 Qe7 20.Rfd1 Rfc8 21.Rc3 f5 22.Qd3 Qf6
23.Nf3 b4 24.Rb3 Re8 25.e3 g5 26.Qe2 Kg7 27.Rbd3 Ree7 28.R3d2 h6 29.Ne1 Re8
30.e4 Rec8 31.Nd3 Bf8 32.e5 Qf7 33.b3 Rd7 34.Nb2 Rcd8 35.Nc4 Rxd2 36.Rxd2 Rxd2
37.Qxd2 Qd7 38.Nd6 a5 39.Qd4 Be7 40.Qb6 Qd8 41.Qa7 Nd7 42.Nc4 Kg6 43.h3 Bc5
44.Qa6 Nf8 45.Nd6 Qb6 46.Qxb6 Bxb6 47.Bc6 f4 48.Kg2 fxg3 49.fxg3 g4 50.Be8+ Kg7
51.hxg4 Nh7 52.Kf3 Ng5+ 53.Ke2 Kf8 54.Bh5 Bc7 55.Kd3 Nf3 56.Ke4 Nxe5 57.Kxe5 Ke7
58.Bg6 Bxd6+ 59.Ke4 Bxg3 60.Kf3 Bh2 61.Bd3 Kd6 62.Ke4 Bg1 63.Bc4 e5 64.Bd5 Bd4
65.Bc4 Kc5 66.Be6  1/2-1/2

[Event "5th Mediterranean Open"]
[Site "Rijeka CRO"]
[Date "2011.11.11"]
[Round "1.2"]
[White "Kozul,Z"]
[Black "Bradaric,R"]
[Result "1-0"]
[WhiteElo "2577"]
[BlackElo "2013"]

1.d4 d5 2.c4 e6 3.Nf3 Nf6 4.g3 Be7 5.Bg2 O-O 6.O-O b6 7.Nc3 c6 8.Bg5 Nbd7
9.cxd5 exd5 10.Qb3 Ne4 11.Bxe7 Qxe7 12.Rfc1 Nxc3 13.Qxc3 Bb7 14.e3 f6 15.Ne1 Kh8
16.Nd3 Rfe8 17.a4 Rab8 18.a5 Rbc8 19.axb6 axb6 20.Ra7 Rb8 21.Qb4 Qe6 22.Nf4 Qf7
23.Qd6 g5 24.Nxd5 Re6 25.Qc7 cxd5 26.Rxb7 Rxb7 27.Qxb7 Rd6 28.Rc6 Qe6 29.Rxd6 Qxd6
30.Bxd5 Qe6 31.Bc6 Nf8 32.Bd5 Qd7 33.Qxd7 Nxd7 34.Bc6 Nf8 35.Kg2 h5 36.Be8 Kg7  1-0

[Event "TCh-CZE Liga 1 Zapad"]
[Site "Czech Rep CZE"]
[Date "2011.11.13"]
[Round "3.6"]
[White "Simek,P2"]
[Black "Neckar,L"]
[Result "1/2-1/2"]
[WhiteElo "2277"]
[BlackElo "2367"]

1.d4 d5 2.Nf3 Nf6 3.c4 e6 4.g3 Be7 5.Bg2 O-O 6.O-O b6 7.cxd5 exd5 8.Nc3 Bb7
9.Ne5 Na6 10.Bf4 c5 11.dxc5 Nxc5 12.Nb5 Ne6 13.Be3 Qb8 14.Nd3 Rd8 15.Nd4 Ng4
16.Bf4 Nxf4 17.Nxf4 Nf6 18.Qb3 Ne4 19.Rfd1 Bg5 20.Bxe4 Bxf4 21.Bg2 Be5 22.Rd2 Bf6
23.Rad1 g6 24.e3 Qc8 25.Ne2 Qc5 26.Nf4 Rac8 27.Bxd5 Bxd5 28.Nxd5 Be5 29.e4 Kg7
30.Kg2 h5 31.h4 Kh8 32.Ne3 Rxd2 33.Rxd2 Rc7 34.Rc2 Qd4 35.Rxc7 Bxc7 36.Qc2 Bd6
37.b3 Bc5 38.Nc4 b5 39.Nb2 Bb6 40.Nd1 Kg8 41.Ne3 Kg7 42.Nd5 Ba5 43.a3 Bd2
44.Nc7 b4 45.Nb5 Qd7 46.axb4 Bxb4 47.Qc4 Ba5 48.Qd4+ Qxd4 49.Nxd4 Bb6 50.Nc2 f5
51.exf5 gxf5 52.Nb4 Kf7 53.Nd5 Bd8 54.Kf3 Ke6 55.Nf4+ Ke5 56.Ke3 Bb6+ 57.Ke2 Kd4
58.Kd2 Ke4 59.Nxh5 Kf3 60.Ng7 Bxf2 61.Nxf5 Kg4 62.Ne3+ Kxg3 63.h5 Kf3 64.Nc4 Bh4
65.Ne5+ Ke4 66.Nc6 Kd5 67.Nb4+ Kd4 68.Kc2 Bg5 69.Nc6+ Kd5 70.Nb4+ Kd4 71.Nd3 Bh6
72.Nf2 Bg7 73.Ng4 Ke4 74.h6 Bh8 75.b4 Kf4 76.Nf2 Kg5 77.b5 Kxh6 78.Kd3 Kg6
79.Ke4 Kf7 80.Kd5 Ke7 81.Kc6 Bd4 82.Nd3 Ke6 83.Nb4 Bg1 84.Nd5 Ke5 85.Ne7 Kd4
86.Kb7 Kc4 87.Ka6 Kb4 88.Nc6+ Ka4  1/2-1/2

[Event "2nd Brno Open"]
[Site "Brno CZE"]
[Date "2011.11.17"]
[Round "8"]
[White "Chudinovskikh,A"]
[Black "Spirliadis,A"]
[Result "1-0"]
[WhiteElo "2282"]
[BlackElo "2036"]

1.Nf3 Nf6 2.c4 e6 3.g3 d5 4.Bg2 Be7 5.d4 O-O 6.O-O b6 7.Ne5 Bb7 8.Nc3 Ne4
9.Qa4 Nxc3 10.bxc3 Bf6 11.Bf4 g5 12.Be3 Bxe5 13.dxe5 Bc6 14.Qb3 Qe7 15.cxd5 exd5
16.f4 gxf4 17.Rxf4 Nd7 18.Bxd5 Bxd5 19.Qxd5 c6 20.Qd6 Qe6 21.Qxe6 fxe6 22.Rg4+ Kh8
23.Rd1 Rf7 24.Rd6 c5 25.Rxe6 Nf8 26.Rd6 Re8 27.Bg5 Ng6 28.e6 Rf5 29.e4 Rf3
30.Kg2 h5 31.Kxf3 Ne5+ 32.Kf4 Nxg4 33.e7 Kg8 34.Rd8 Kf7 35.e5  1-0

[Event "21st World Seniors"]
[Site "Rijeka CRO"]
[Date "2011.11.17"]
[Round "3.15"]
[White "Kurajica,B"]
[Black "Zoltek,T"]
[Result "1-0"]
[WhiteElo "2532"]
[BlackElo "2161"]

1.d4 Nf6 2.Nf3 d5 3.c4 e6 4.g3 Be7 5.Bg2 O-O 6.Qc2 c6 7.O-O b6 8.Nbd2 Bb7
9.e4 a5 10.Re1 Na6 11.a3 Rc8 12.b3 dxe4 13.Nxe4 Nxe4 14.Qxe4 Bf6 15.Bf4 Ba8
16.Rad1 Qe7 17.Bc1 Rfd8 18.h4 c5 19.d5 Qf8 20.Ng5 Bxg5 21.Bxg5 exd5 22.cxd5 f6
23.Qe6+ Kh8 24.Bf4 Nc7 25.Bxc7 Rxc7 26.d6 Ra7 27.d7 Bxg2 28.Kxg2 h6 29.Qc6 Raa8
30.Re6 Qf7 31.Qe4 Rab8 32.Re7 f5 33.Qe5 Qf6 34.Re8+ Kh7 35.Qxb8 Qc6+ 36.Kg1  1-0

[Event "5th Mediterranean Open"]
[Site "Rijeka CRO"]
[Date "2011.11.17"]
[Round "7.8"]
[White "Tratar,M"]
[Black "Brumen,D"]
[Result "1/2-1/2"]
[WhiteElo "2495"]
[BlackElo "2345"]

1.Nf3 d5 2.d4 Nf6 3.c4 e6 4.g3 Be7 5.Bg2 O-O 6.O-O dxc4 7.Qc2 a6 8.Qxc4 b5
9.Qc2 Bb7 10.Bd2 Be4 11.Qc1 Nc6 12.Be3 Rc8 13.Nbd2 Bd5 14.h3 a5 15.Rd1 Nb4
16.Qb1 Qe8 17.a3 Na6 18.Bg5 c5 19.e4 Ba8 20.e5 Nd7 21.Ne4 h6 22.Bxe7 Qxe7
23.Nd6 Rb8 24.Qd3 cxd4 25.Qxd4 Nac5 26.Qe3 Bxf3 27.Bxf3 Qg5 28.Re1 a4 29.Bc6 b4
30.Bxd7 Nxd7 31.Qxg5 hxg5 32.Re4 bxa3 33.bxa3 Rfd8 34.Rd1 Nb6 35.Rb1 Nd7
36.Rd1 Nb6 37.Rg4 f6 38.Rb1 fxe5 39.Nc4 Nd7 40.Rd1 Nf6 41.Rxd8+ Rxd8 42.Rxg5 Rd4
43.Nxe5 Rd5 44.Nf3 Rd3 45.Kg2 Rxa3 46.Ra5 Ne4 47.Re5 Nc3 48.Rxe6 Ra1 49.Ng5 Kf8
50.Nh7+ Kg8 51.Ng5 Kf8 52.Nh7+  1/2-1/2

[Event "WYCC U14 Girls"]
[Site "Caldas Novas BRA"]
[Date "2011.11.18"]
[Round "1"]
[White "Schucman,Rebeca Lot"]
[Black "Paredes Bustamante,Paula"]
[Result "0-1"]
[WhiteElo "1585"]
[BlackElo "1873"]

1.d4 Nf6 2.c4 e6 3.Nf3 d5 4.g3 Be7 5.Bg2 O-O 6.O-O Nbd7 7.Qc2 c5 8.e3 cxd4
9.exd4 b6 10.Bg5 Ba6 11.b3 Rc8 12.Nbd2 dxc4 13.bxc4 Bxc4 14.Nxc4 b5 15.Qb2 bxc4
16.Rac1 Qa5 17.Qe2 c3 18.Rc2 h6 19.Bf4 Nd5 20.Be3 Rb8 21.Qe1 Rfc8 22.Ne5 N7b6
23.Nd3 Qa4 24.Qe2 Qc4 25.Rb1 Na4 26.Rxb8 Rxb8 27.Ne5 Qxe2 28.Rxe2 Rb2 29.Kf1 c2
30.Bxd5 exd5 31.Nd3 Rxa2 32.Bxh6 gxh6 33.Rxe7 Ra1+ 34.Re1 Rd1 35.Ke2 Nc3+
36.Kf1 Rxd3  0-1

[Event "WYCC U14 Open"]
[Site "Caldas Novas BRA"]
[Date "2011.11.18"]
[Round "1"]
[White "Novoa,F"]
[Black "Gardim,Leonardo D Almada"]
[Result "1-0"]
[WhiteElo "2048"]
[BlackElo "1528"]

1.d4 d5 2.c4 e6 3.Nf3 Nf6 4.g3 Be7 5.Bg2 O-O 6.O-O b6 7.Nc3 Bb7 8.Ne5 Nbd7
9.Qa4 c5 10.Nxd7 Nxd7 11.cxd5 cxd4 12.Qxd4 Nc5 13.Be3 Bf6 14.Qd2 exd5 15.Nxd5 Bxd5
16.Bxd5 Rc8 17.Rfd1 Na4 18.Rab1 Qe7 19.Bd4 Rfd8 20.Bxf6 Qxf6 21.e4 Nc5 22.Qe2 Re8
23.Rbc1 Rcd8 24.f4 Qe7 25.e5 Kh8 26.Qc4 f6 27.b4 Nd7 28.e6 Nf8 29.f5 g6 30.g4 h5
31.h3 gxf5 32.gxf5 Qg7+ 33.Kh2 Nh7 34.h4 Rg8 35.Rg1 Qh6 36.Rxg8+ Rxg8 37.Re1 Rg4
38.Re4 Qd2+ 39.Re2 Rxh4+ 40.Qxh4 Qxe2+ 41.Bg2 Ng5 42.Qf4 Qxa2 43.e7 Qe2 44.Qb8+ Kg7
45.e8=Q Nf3+ 46.Kg3 h4+ 47.Kf4 Qd2+ 48.Kxf3 Qd3+ 49.Qe3 Qxf5+ 50.Qbf4 Qd5+
51.Qee4 Qd1+ 52.Kf2  1-0